[Event "Augsburg Afro op"]
[Site "Augsburg"]
[Date "1998.??.??"]
[Round "2"]
[White "Koch, Harald"]
[Black "Leusch, Gernot"]
[Result "1/2-1/2"]
[WhiteElo "1850"]
[BlackElo "2095"]
[PlyCount "29"]
[EventDate "1998.??.??"]
[EventType "swiss"]
[EventRounds "7"]
[EventCountry "GER"]
[SourceTitle "EXT 2004"]
[Source "ChessBase"]
[SourceDate "2003.11.25"]
[SourceVersion "1"]
[SourceVersionDate "2003.11.25"]
[SourceQuality "1"]

1. c4 Nf6 2. g3 g6 3. Bg2 Bg7 4. Nc3 d6 5. Nf3 0-0 6. 0-0 c6 7. e4 e5 8. d3 Nbd7 9. Bg5 h6 10. Bd2 Nc5 11. Qc2 a5 12. Rab1 Nh5 13. Nh4 Kh7 14. a3 Ne6 15. Ne2 1/2-1/2

[Event "Oberliga Bayern 9697"]
[Site "Bayern"]
[Date "1997.??.??"]
[Round "?"]
[White "De Francesco, Klaus"]
[Black "Leusch, Gernot"]
[Result "1-0"]
[WhiteElo "2255"]
[BlackElo "2125"]
[PlyCount "127"]
[EventDate "1996.10.13"]
[EventType "team-tourn"]
[EventRounds "9"]
[EventCountry "GER"]
[SourceTitle "EXT 2020"]
[Source "ChessBase"]
[SourceDate "2019.10.17"]
[SourceVersion "1"]
[SourceVersionDate "2019.10.17"]
[SourceQuality "1"]
[WhiteTeam "Pasing"]
[BlackTeam "Goeggingen"]
[WhiteTeamCountry "GER"]
[BlackTeamCountry "GER"]

1. d4 d5 2. c4 e6 3. Nf3 Nf6 4. Nc3 c6 5. e3 Nbd7 6. Bd3 dxc4 7. Bxc4 b5 8. Bd3 a6 9. e4 c5 10. 0-0 Bb7 11. d5 e5 12. b3 Rc8 13. Bb2 Bd6 14. Ne2 0-0 15. Ng3 Re8 16. Nd2 Rc7 17. Qe2 Nb6 18. Rac1 Bc8 19. Bc3 b4 20. Bb2 a5 21. Bb5 Bd7 22. Bxd7 Qxd7 23. Nc4 Nxc4 24. Rxc4 g6 25. Qf3 Qe7 26. Bc1 Nd7 27. Be3 a4 28. Qg4 Nf6 29. Qh4 Nd7 30. Qg4 Nf6 31. Qe2 Nd7 32. Rc2 axb3 33. axb3 Ra8 34. Ra2 Rca7 35. Rfa1 Nb6 36. Rxa7 Rxa7 37. Rxa7 Qxa7 38. Qb5 Qc7 39. Bh6 Nd7 40. h3 Bf8 41. Be3 Nf6 42. Qa6 Ne8 43. Nf1 Nd6 44. Nd2 Be7 45. f3 Kf8 46. Qa8+ Kg7 47. Qa1 f6 48. Qa6 Kf7 49. Nc4 Nxc4 50. Qxc4 Bd6 51. Qa6 Ke7 52. Kh2 h5 53. Qa8 Qd8 54. Qc6 Qd7 55. Qb6 Qc8 56. Qa7+ Kd8 57. Qf7 Be7 58. Qxg6 Qa6 59. Qg8+ Kd7 60. Qf7 Qb5 61. Qe6+ Kd8 62. d6 Bf8 63. Qxf6+ Ke8 64. Qe6+ 1-0

[Event "Oberliga Bayern 9697"]
[Site "Bayern"]
[Date "1997.??.??"]
[Round "?"]
[White "Leusch, Gernot"]
[Black "Wimmer, Herbert"]
[Result "1/2-1/2"]
[WhiteElo "2125"]
[BlackElo "2260"]
[PlyCount "120"]
[EventDate "1996.10.13"]
[EventType "team-tourn"]
[EventRounds "9"]
[EventCountry "GER"]
[SourceTitle "EXT 2020"]
[Source "ChessBase"]
[SourceDate "2019.10.17"]
[SourceVersion "1"]
[SourceVersionDate "2019.10.17"]
[SourceQuality "1"]
[WhiteTeam "Goeggingen"]
[BlackTeam "Pang/Rosenheim"]
[WhiteTeamCountry "GER"]
[BlackTeamCountry "GER"]

1. e4 e5 2. Nf3 d6 3. Nc3 Nf6 4. d4 Nbd7 5. dxe5 dxe5 6. Bc4 Bc5 7. 0-0 h6 8. Qd3 c6 9. Nh4 b5 10. Bb3 g6 11. Qg3 Qe7 12. Nxg6 fxg6 13. Qxg6+ Kd8 14. Rd1 Kc7 15. Re1 Nf8 16. Qg3 Ng4 17. Nd1 Rh7 18. h3 Nf6 19. Be3 Bxe3 20. Nxe3 Nxe4 21. Qf3 Ng5 22. Qg3 Rg7 23. Ng4 Bxg4 24. Rxe5 Qd6 25. hxg4 Nd7 26. Re3 Qxg3 27. Rxg3 Nc5 28. Re3 Rd8 29. Rae1 Nxb3 30. axb3 Rd2 31. R1e2 Rxe2 32. Rxe2 Kd6 33. Kh2 Ne6 34. f3 Nd4 35. Rd2 Ke5 36. b4 Ne6 37. Re2+ Kf6 38. Rd2 Rg5 39. Rd6 c5 40. bxc5 Rxc5 41. c3 Rc4 42. Ra6 Ra4 43. Rc6 Ke5 44. Kg3 Kd5 45. Rc8 Ra2 46. b4 Rc2 47. f4 Ke4 48. f5 Ng5 49. Rc6 Ke3 50. Rxh6 Ne4+ 51. Kh3 Rxc3 52. Kh4 Kf4 53. f6 Rc7 54. Kh5 Rf7 55. g5 Kf5 56. g4+ Ke6 57. Rh8 Nxf6+ 58. gxf6 Kxf6 59. g5+ Kg7 60. Ra8 Rd7 1/2-1/2

[Event "Oberliga Bayern 9697"]
[Site "Bayern"]
[Date "1997.??.??"]
[Round "?"]
[White "Olbrich, Joachim"]
[Black "Leusch, Gernot"]
[Result "1/2-1/2"]
[WhiteElo "2330"]
[BlackElo "2125"]
[PlyCount "84"]
[EventDate "1996.10.13"]
[EventType "team-tourn"]
[EventRounds "9"]
[EventCountry "GER"]
[SourceTitle "EXT 2020"]
[Source "ChessBase"]
[SourceDate "2019.10.17"]
[SourceVersion "1"]
[SourceVersionDate "2019.10.17"]
[SourceQuality "1"]
[WhiteTeam "Marktheidenfeld"]
[BlackTeam "Goeggingen"]
[WhiteTeamCountry "GER"]
[BlackTeamCountry "GER"]

1. d4 d5 2. Nf3 e6 3. Bf4 c6 4. e3 f5 5. Nbd2 Nf6 6. Bd3 Be7 7. 0-0 0-0 8. Rc1 Nbd7 9. c4 Ne4 10. Ne5 g5 11. Nxd7 Bxd7 12. Be5 Bf6 13. Bxf6 Qxf6 14. Nf3 Be8 15. Bxe4 dxe4 16. Ne5 Rd8 17. Qb3 Qg7 18. c5 Rd5 19. Nc4 Bh5 20. Rc2 Bg6 21. Na5 Rf7 22. Rc4 Bh5 23. Re1 e5 24. Rb4 exd4 25. exd4 Rfd7 26. Rxb7 Rxb7 27. Nxb7 Qxd4 28. Nd6 Qxc5 29. Nxf5 Kf8 30. Qb8+ Be8 31. Ne3 Rd2 32. b4 Qc3 33. Qxa7 Rxa2 34. Qc5+ Qxc5 35. bxc5 Bf7 36. h3 Ra5 37. Rc1 Be6 38. Kf1 Ke7 39. Ke1 Kf6 40. Rc3 Ke5 41. Nc2 Ra4 42. Kd2 h6 1/2-1/2

[Event "Berliner Sommer 13th"]
[Site "Berlin"]
[Date "1995.??.??"]
[Round "1"]
[White "Eingorn, Vereslav S"]
[Black "Leusch, Gernot"]
[Result "1/2-1/2"]
[WhiteElo "2600"]
[BlackElo "2110"]
[PlyCount "98"]
[EventDate "1995.08.??"]
[EventType "swiss"]
[EventRounds "9"]
[EventCountry "GER"]
[SourceTitle "CBM 047 Extra"]
[Source "ChessBase"]
[SourceDate "1995.09.01"]
[SourceVersion "1"]
[SourceVersionDate "1995.09.01"]
[SourceQuality "1"]

1. d4 d5 2. Nf3 Nf6 3. c4 c6 4. Nc3 e6 5. Bg5 dxc4 6. e4 b5 7. e5 h6 8. Bh4 g5 9. Nxg5 hxg5 10. Bxg5 Nbd7 11. g3 Qb6 12. exf6 Bb7 13. Bg2 0-0-0 14. 0-0 c5 15. d5 b4 16. Na4 Qa6 17. a3 Ne5 18. Qe2 Bxd5 19. Qxe5 Bxg2 20. Kxg2 Qc6+ 21. f3 Qxa4 22. Qe4 Rd5 23. axb4 Qxb4 24. Rf2 a5 25. Bf4 Bh6 26. Be5 Bd2 27. Ra3 c3 28. Bxc3 Bxc3 29. Rxc3 Rhd8 30. h4 Kc7 31. Qe3 R8d6 32. Rfc2 Rc6 33. Rc4 Qb6 34. g4 Kb7 35. h5 Qd8 36. h6 Qxf6 37. Rf4 Qg6 38. Qe4 f5 39. Qc4 Qxh6 40. Kg3 Qh1 41. Rc1 Qh6 42. Rd1 Rxd1 43. Qb3+ Kc7 44. Qxd1 Rd6 45. Qa4 Qh1 46. Qxa5+ Kc6 47. Qa8+ Kc7 48. Qa5+ Kc6 49. Qa8+ Kc7 1/2-1/2